00587caa a22001692a 4500001000900000003001100009008004300020092001700063100001900080245003900099300001600138500011200154546001300266942000900279999001700288773011200305 015263 AR-FADEU 311216n########xxu####################dd a821.3bD685j aGardner, Helen aThe religious poetry of John Donne aPP. 123-136 aEn: John Donne, a collection of critical essays / ed. Helen Gardner. New Jersey : Prentice-Hall, Inc., 1962 aInglés cBDGR c21021d210210 021011920700abdNew Jerseyo01566tJOHN Donne : a collection of critical essaysw( AR-FADEU) 015253xz